[Event "VII Open"]
[Site "Figueira da Foz POR"]
[Date "2010.11.05"]
[Round "7.17"]
[White "Aguiar,H"]
[Black "Marchyllie,B"]
[Result "1/2-1/2"]
[WhiteElo "1807"]
[BlackElo "2144"]

1.e4 d5 2.exd5 Qxd5 3.Nc3 Qd6 4.d4 Nf6 5.Nf3 a6 6.g3 Bg4 7.Bg2 Nc6 8.O-O e6
9.h3 Bh5 10.Bf4 Qd8 11.Ne2 Bd6 12.c3 O-O 13.Bxd6 cxd6 14.Nf4 Bxf3 15.Qxf3 d5
16.Rfe1 b5 17.Bf1 b4 18.Bd3 Qd6 19.Qe2 bxc3 20.bxc3 Rfc8 21.Rec1 Qa3 22.Rab1 Nxd4
23.Qe3 Nc6 24.c4 Qd6 25.c5 Qd7 26.g4 d4 27.Qe2 a5 28.Bb5 Nd5 29.Nd3 Nc3 30.Rxc3 dxc3
31.Ne5 Qe7 32.Nxc6 Qxc5 33.Qe4 g6 34.a4 Kg7 35.Qd4+ Qxd4 36.Nxd4 Rd8 37.Nc2 Rd2
38.Rc1 f5 39.Na3 Rc8 40.Nc4 Rd4 41.Rxc3 fxg4 42.h4 Kh6 43.Kg2 g5 44.hxg5+ Kxg5
45.f3 h5 46.fxg4 hxg4 47.Kg3 Rc5 48.Re3 Rcxc4 49.Bxc4 Rxc4 50.Re5+ Kf6 51.Rxa5 e5
52.Ra8 Kf5 53.Rf8+ Ke4 54.a5 Ra4 55.Kxg4 Rxa5 56.Rb8 Rd5 57.Rb3 Rd3 58.Rb4+ Rd4
59.Rb3 Ra4 60.Kg3 Ra2 61.Rb4+ Ke3 62.Rb3+ Kd4 63.Rb4+ Kc5 64.Re4 Kd5 65.Rb4 Rd2
66.Kf3 Rd3+ 67.Ke2 Rh3 68.Ra4 e4 69.Ra8  1/2-1/2

[Event "49th TCh-DEN XtraCon 2010-11"]
[Site "Denmark DEN"]
[Date "2010.11.06"]
[Round "1.8"]
[White "Pedersen,Karl"]
[Black "Christiansen,JJ"]
[Result "1-0"]
[WhiteElo "2254"]
[BlackElo "2136"]

1.e4 d5 2.exd5 Qxd5 3.Nc3 Qd6 4.g3 Nf6 5.Bg2 Nc6 6.Nf3 Bg4 7.h3 Bh5 8.O-O O-O-O
9.d3 a6 10.Be3 e6 11.Qd2 Bxf3 12.Bxf3 Ne5 13.Bg2 Nc4 14.Qe2 Nxe3 15.Qxe3 Qd4
16.Qf3 c6 17.Rfe1 h5 18.h4 Rd7 19.Ne2 Qb6 20.Rab1 Ng4 21.Nc3 Bb4 22.a3 Bxc3
23.bxc3 Qc5 24.Rb3 Rh6 25.Qe2 g5 26.d4 Qa5 27.hxg5 Qxg5 28.Reb1 Qa5 29.Qd2 Rf6
30.f4 e5 31.fxe5 Rf2 32.Qg5 Rxg2+ 33.Kxg2 Qd5+ 34.Kg1 Qf3 35.Qf4 Qe2 36.a4 c5
37.d5 Qh2+ 38.Kf1 Qxc2 39.R1b2 Qd1+ 40.Kg2 Re7 41.Qf5+ Kb8 42.Qg5 f6 43.Qg8+ Ka7
44.d6  1-0

[Event "Frauenbundesliga 1st Div 2010-11"]
[Site "Germany GER"]
[Date "2010.11.06"]
[Round "1.4"]
[White "Sikorska,A1"]
[Black "Leks,M"]
[Result "0-1"]
[WhiteElo "2068"]
[BlackElo "2017"]

1.e4 d5 2.exd5 Qxd5 3.Nc3 Qd6 4.Nf3 Nf6 5.Be2 a6 6.d3 Nc6 7.Bg5 e5 8.Bh4 Bg4
9.h3 Bh5 10.g4 Bg6 11.Bg3 O-O-O 12.Qd2 h5 13.O-O-O hxg4 14.hxg4 Be7 15.Rxh8 Rxh8
16.Nxe5 Nxe5 17.d4 Nfd7 18.dxe5 Qxd2+ 19.Kxd2 Bg5+ 20.f4 Rh3 21.Rg1 Rxg3
22.Rxg3 Bxf4+ 23.Re3 Nxe5 24.Nd5 Bxe3+ 25.Nxe3 Be4 26.c3 Nf3+ 27.Kc1 Kd7
28.b4 g6 29.a3 Kd6 30.Kd1 Ke5 31.Bc4 Ng5 32.Ke2 Bf3+ 33.Kf2 Kf4 34.Bd5 Nh3+  0-1

[Event "VII Open"]
[Site "Figueira da Foz POR"]
[Date "2010.11.07"]
[Round "9.31"]
[White "Mendes,CaA"]
[Black "Dias,Jose OG"]
[Result "1-0"]
[WhiteElo "1777"]
[BlackElo "1639"]

1.e4 d5 2.exd5 Qxd5 3.Nc3 Qd6 4.Nf3 Nf6 5.d4 a6 6.Bd3 Nc6 7.O-O Bg4 8.Ne4 Nxe4
9.Bxe4 O-O-O 10.c3 e6 11.Qa4 Bxf3 12.Bxf3 Ne7 13.b4 Nd5 14.Qb3 Be7 15.a4 h5
16.a5 g5 17.b5 g4 18.Be2 axb5 19.Bxb5 c6 20.Bd3 Qb8 21.Bd2 Bd6 22.g3 h4 23.c4 hxg3
24.fxg3 Bxg3 25.Be4 Bxh2+ 26.Kf2 Rh3 27.Qb2 Nf4 28.a6 Bg3+ 29.Ke3 Be1+ 30.Bf3 Bxd2+
31.Qxd2 Ng2+ 32.Kf2 Qg3+ 33.Kg1 Ne1+ 34.Bg2 Nxg2 35.axb7+ Kd7 36.Qxg2 Qe3+
37.Rf2 Rg3 38.Ra8 Rxg2+ 39.Kxg2 Qh3+ 40.Kg1 Qg3+ 41.Kf1 Rb8 42.Rxf7+ Ke8
43.Rg7 Qf4+ 44.Ke2 Kf8 45.Rd7 g3 46.Rd8+ Kg7 47.Raxb8 Qf2+ 48.Kd3 Qf4 49.Rg8+ Kh7
50.Rh8+ Kg7 51.Rbg8+ Kf6 52.b8=Q g2 53.Rxg2  1-0

[Event "FSFMA November"]
[Site "Budapest HUN"]
[Date "2010.11.09"]
[Round "4"]
[White "Rousseau,D"]
[Black "Flaata,A"]
[Result "1-0"]
[WhiteElo "2077"]
[BlackElo "2078"]

1.e4 d5 2.exd5 Qxd5 3.Nc3 Qd6 4.d4 Nf6 5.Bc4 a6 6.Nge2 Qc6 7.Qd3 Qxg2 8.Rg1 Qh3
9.Be3 Bf5 10.Qd2 Bg6 11.O-O-O Nc6 12.Nf4 Qd7 13.d5 Ne5 14.Be2 O-O-O 15.Qd4 Qf5
16.Nxg6 hxg6 17.Qa7 Nfg4 18.Qa8+ Kd7 19.Qxb7 Nxe3 20.fxe3 Rxh2 21.Qxa6 Ke8
22.Qa4+ Nd7 23.Nb5 Qe5 24.Qc4 Rb8 25.e4 Nb6 26.Qc6+ Kd8 27.d6 Qf4+ 28.Kb1 exd6
29.Qxc7+ Ke8 30.Qxb8+ Ke7 31.Qc7+ Nd7 32.Bg4 f5 33.exf5 gxf5 34.Rge1+  1-0

[Event "Russia Cup Final KO"]
[Site "Belgorod RUS"]
[Date "2010.11.10"]
[Round "2.2"]
[White "Sjugirov,S"]
[Black "Danin,A"]
[Result "1/2-1/2"]
[WhiteElo "2626"]
[BlackElo "2527"]

1.e4 d5 2.exd5 Qxd5 3.Nc3 Qd6 4.d4 Nf6 5.Nf3 c6 6.Ne5 Nbd7 7.Nc4 Qc7 8.Qf3 Nb6
9.Ne5 Be6 10.Bf4 Qd8 11.O-O-O Nbd5 12.Bc4 Nxf4 13.Qxf4 Bxc4 14.Nxc4 e6 15.Ne5 Be7
16.Kb1 O-O 17.h4 Nd5 18.Nxd5 exd5 19.h5 Bd6 20.Qg4 Qc8 21.Qf3 Bxe5 22.dxe5 f6
23.h6 fxe5 24.Qg3 g6 25.Qxe5 Rf7 26.f3 Qf5 27.Rhe1 Raf8 28.Qxf5 gxf5 29.Re6 Rf6
30.Re7 R8f7 31.Re8+ Rf8 32.Re7 R8f7 33.Re8+ Rf8  1/2-1/2

[Event "ch-UKR w"]
[Site "Poltava UKR"]
[Date "2010.11.14"]
[Round "2"]
[White "Doluhanova,E"]
[Black "Rakhmangulova,A"]
[Result "1-0"]
[WhiteElo "2266"]
[BlackElo "2148"]

1.e4 d5 2.exd5 Qxd5 3.Nc3 Qd6 4.d4 Nf6 5.Nb5 Qb6 6.c4 c6 7.Nc3 g6 8.Nf3 Bg4
9.Be2 Bg7 10.O-O O-O 11.Qb3 Qxb3 12.axb3 Na6 13.Ra4 Nd7 14.Rd1 Bf5 15.Ne1 e5
16.d5 Ndc5 17.Ra3 cxd5 18.Nxd5 Be4 19.Be3 Rfd8 20.b4 Bxd5 21.cxd5 Nd7 22.Bxa6 bxa6
23.Rxa6 Rab8 24.Bc5 Rb7 25.d6 e4 26.b3 Kf8 27.Nc2 Bc3 28.g3 Rc8 29.Ne3 Bxb4
30.Bxb4 Rxb4 31.Rxa7 Ke8 32.Rc7 Kd8 33.Ra1 Rxb3 34.Nd5 Ne5 35.Raa7 Rb1+ 36.Kg2 Rd1
37.Ne7 Rb8 38.Rc5 Nd7 39.Nc6+ Ke8 40.Rxd7 Kxd7 41.Nxb8+ Kxd6 42.Rc6+ Ke5
43.Rc2  1-0

[Event "1st Open"]
[Site "Brno CZE"]
[Date "2010.11.15"]
[Round "3"]
[White "Novak,Jo"]
[Black "Karhanek,P"]
[Result "0-1"]
[WhiteElo "1886"]
[BlackElo "2123"]

1.e4 d5 2.exd5 Qxd5 3.Nc3 Qd6 4.d4 Nf6 5.Nf3 a6 6.g3 Bf5 7.Ne5 Nc6 8.Nxc6 Qxc6
9.d5 Qd7 10.h4 e6 11.dxe6 Qxe6+ 12.Be2 Rd8 13.Bd2 Bb4 14.Qc1 O-O 15.Be3 Nd5
16.Bc4 Qe4 17.Bxd5 Rxd5 18.O-O Bxc3 19.bxc3 Qf3 20.Kh2 Qg4 21.Rh1 Be4 22.Rg1 Rh5
23.Qd1 Rxh4+  0-1

[Event "III Iberoamerican A"]
[Site "Mexico City MEX"]
[Date "2010.11.15"]
[Round "3"]
[White "Aguilar,Gu"]
[Black "Baules,J"]
[Result "1/2-1/2"]
[WhiteElo "2157"]
[BlackElo "2349"]

1.e4 d5 2.exd5 Qxd5 3.Nc3 Qd8 4.d4 Nf6 5.Bg5 Bf5 6.Bxf6 exf6 7.Qf3 Bc8 8.O-O-O Be7
9.Bd3 O-O 10.Nge2 Re8 11.Nf4 Nc6 12.Qh5 g6  1/2-1/2

[Event "1st Open"]
[Site "Brno CZE"]
[Date "2010.11.16"]
[Round "4"]
[White "Sarson,On"]
[Black "Zavadil,M"]
[Result "0-1"]
[WhiteElo "1761"]
[BlackElo "2084"]

1.e4 d5 2.exd5 Qxd5 3.Nc3 Qd6 4.d4 Nf6 5.Be2 c6 6.Be3 Bf5 7.Nf3 Nbd7 8.O-O e6
9.Qd2 Nd5 10.Nxd5 cxd5 11.Bf4 Qb4 12.c3 Qa5 13.Ne5 Nf6 14.f3 h5 15.a4 a6
16.b4 Qd8 17.b5 Bd6 18.Bg5 Qc7 19.Qe3 Bxe5 20.dxe5 Nd7 21.Bf4 O-O 22.Rfc1 Nc5
23.c4 d4 24.Qa3 a5 25.Rd1 Rfd8 26.Bg5 Rd7 27.f4 Bc2 28.Rd2 d3 29.Bd1 Ne4
30.Bxc2 dxc2 31.Rxc2 Nxg5 32.fxg5 Qxe5 33.c5 Qd4+ 34.Kf1 Rd5 35.c6 Rf5+ 36.Ke1 bxc6
37.bxc6 Qg1+ 38.Kd2 Rd8+ 39.Kc3 Qd4+ 40.Kb3 Rb8+ 41.Ka2 Qd5+  0-1

[Event "Panam-Cont 2010"]
[Site "Cali COL"]
[Date "2010.11.17"]
[Round "1"]
[White "Mateus,Al"]
[Black "Vargas,Edwin"]
[Result "1-0"]
[WhiteElo "2274"]
[BlackElo "2011"]

1.e4 d5 2.exd5 Qxd5 3.Nc3 Qd6 4.g3 c6 5.Bg2 Nf6 6.Nge2 g6 7.d4 Bg7 8.O-O Bg4
9.h3 Bxe2 10.Nxe2 e6 11.c4 O-O 12.Bf4 Qd8 13.Qb3 Qb6 14.Rfd1 Na6 15.Qxb6 axb6
16.g4 Rfd8 17.Rab1 Ne8 18.d5 exd5 19.cxd5 cxd5 20.Bxd5 Rd7 21.Nc3 Nc5 22.Bf3 Nf6
23.g5 Nh5 24.Be3 Rad8 25.Nd5 Na4 26.Nxb6 Nxb6 27.Bxb6 Rxd1+ 28.Rxd1 Rxd1+
29.Bxd1 Nf4 30.h4 Nd5 31.Bd8 Bxb2 32.a4 Nc3 33.Bb3 Ne2+ 34.Kf1 Nf4 35.a5 Kg7
36.Bc7 Ne6 37.Bb6 Nf4 38.Bd1 Nd5 39.Bd8 Kf8 40.Bf3 Ke8 41.Bxd5 Kxd8 42.Bxb7 Ke7
43.a6 Bd4 44.Bd5 Kf8 45.Ke2 Kg7 46.f4 f6 47.Kd3 Bf2 48.Kc4 fxg5 49.fxg5 h6
50.Kb5 hxg5 51.hxg5 Kf8 52.Kc6 Ke7 53.Be4 Kf7 54.Kb7  1-0

[Event "ch-UKR w"]
[Site "Poltava UKR"]
[Date "2010.11.17"]
[Round "5"]
[White "Rakhmangulova,A"]
[Black "Bezkorovaina,M"]
[Result "1-0"]
[WhiteElo "2148"]
[BlackElo "1951"]

1.e4 d5 2.exd5 Qxd5 3.Nc3 Qd6 4.d4 Nf6 5.Nf3 a6 6.g3 Nc6 7.Bf4 Qd8 8.Bg2 Bg4
9.O-O e6 10.h3 Bh5 11.g4 Bg6 12.Ne5 Bd6 13.Nxc6 bxc6 14.Bxc6+ Ke7 15.Bxd6+ Qxd6
16.Bxa8 Rxa8 17.Qd2 h5 18.g5 Nd7 19.Rfe1 f6 20.Qe3 Rf8 21.f4 c6 22.Rad1 Nb6
23.d5 cxd5 24.Kh1 fxg5 25.Qxb6 Qxb6 26.Nxd5+ Kf7 27.Nxb6 gxf4 28.Nd7 Bxc2
29.Nxf8 Bxd1 30.Nxe6  1-0

[Event "1st Open"]
[Site "Brno CZE"]
[Date "2010.11.18"]
[Round "7"]
[White "Mikulas,D"]
[Black "Bacak Ml.,P"]
[Result "0-1"]
[WhiteElo "2134"]
[BlackElo "2050"]

1.e4 d5 2.exd5 Qxd5 3.Nc3 Qd6 4.d4 Nf6 5.Nf3 a6 6.Bg5 Bg4 7.h3 Bh5 8.Be2 Nc6
9.O-O O-O-O 10.Bxf6 gxf6 11.Ne4 Qf4 12.Nc5 Nxd4 13.Nxd4 Rxd4 14.Nd3 Bxe2
15.Qxe2 Qe4 16.Qd2 Rg8 17.f4 e6 18.Rfe1 Qf5 19.Qe3 Rc4 20.Re2 Bc5 21.Nxc5 Qxc5
22.Qxc5 Rxc5 23.Rd1 Rd8 24.Red2 Rcd5 25.Rd3 Rxd3 26.cxd3 Rd4 27.Kf2 Rxf4+
28.Ke3 Rb4 29.b3 f5 30.d4 Kd7 31.Kf4 c5  0-1

[Event "1st Open"]
[Site "Brno CZE"]
[Date "2010.11.18"]
[Round "7"]
[White "Veznik,Michael"]
[Black "Karhanek,P"]
[Result "0-1"]
[WhiteElo "1819"]
[BlackElo "2123"]

1.e4 d5 2.exd5 Qxd5 3.Nc3 Qd6 4.d4 Nf6 5.Bd3 a6 6.Nge2 Nc6 7.Bf4 Qd8 8.Qd2 Nb4
9.O-O-O Nxd3+ 10.Qxd3 g6 11.Qc4 c6 12.d5 Qd7 13.dxc6 Qxc6 14.Qd4 Be6 15.Ng3 Bg7
16.Be5 O-O 17.h4 h5 18.Nge4 Bh6+ 19.Ng5 Ng4 20.Bf4 Bf5 21.Qd2 e5 22.f3 exf4
23.fxg4 Bxg4 24.Nd5 Kh8 25.Qxf4 Bxd1 26.Rxd1 Bxg5 27.Qxg5 Kg7 28.Rf1 f6 29.Nxf6 Rxf6  0-1

[Event "ch-UKR w"]
[Site "Poltava UKR"]
[Date "2010.11.18"]
[Round "6"]
[White "Breslavska,G"]
[Black "Rakhmangulova,A"]
[Result "1-0"]
[WhiteElo "2190"]
[BlackElo "2148"]

1.e4 d5 2.exd5 Qxd5 3.Nc3 Qd6 4.d4 Nf6 5.Nf3 Bg4 6.Be2 c6 7.h3 Bh5 8.Ne5 Bxe2
9.Qxe2 Qxd4 10.O-O Nbd7 11.Nf3 Qb6 12.Re1 h6 13.Be3 Qa5 14.b4 Qxb4 15.Bd4 O-O-O
16.Rab1 Qa5 17.Qc4 e6 18.Nb5 c5 19.Bc3 Qb6 20.Ne5 a6 21.Nxf7 axb5 22.Rxb5 Qc6
23.Nxh8 Nd5 24.Ra5 N7b6 25.Qd3 c4 26.Qf3 Bd6 27.Nf7 Rf8 28.Nxd6+ Qxd6 29.Qd1 Kd7
30.Be5 Qb4 31.Ra7 Nc8 32.c3 Qb5 33.Ra4 Kc6 34.Ra8 Qb2 35.Bd4 Nxc3 36.Qg4 Qd2
37.Qxe6+ Kb5 38.Qe5+ Kc6 39.Rxc8+ Rxc8 40.Qc5+ Kd7 41.Re7+ Kd8 42.Qd6+  1-0

[Event "ch-UKR w"]
[Site "Poltava UKR"]
[Date "2010.11.18"]
[Round "6"]
[White "Zingaylo,Ana"]
[Black "Bezkorovaina,M"]
[Result "1-0"]
[WhiteElo "2104"]
[BlackElo "1951"]

1.e4 d5 2.exd5 Qxd5 3.Nc3 Qd6 4.d4 Nf6 5.Nf3 a6 6.Be2 Nc6 7.O-O Bf5 8.a3 O-O-O
9.Be3 h6 10.Qc1 g5 11.Rd1 e6 12.b4 Ne4 13.Qb2 g4 14.Nxe4 Bxe4 15.d5 Bg7 16.Qxg7 Rdg8
17.dxc6 Rxg7 18.cxb7+ Bxb7 19.Rxd6 gxf3 20.g3 cxd6 21.Bd3 e5 22.Bb6 e4 23.Bd4 Rgg8
24.Bf1 f6 25.Bxf6 Rh7 26.Bh3+ Kb8 27.Rd1 Bc8 28.Bf1 Rd7 29.Bc4 Rf8 30.Bd4 Re8
31.Be3 Bb7 32.Bb3 Red8 33.Bb6 Rf8 34.Be6 Re7 35.Rxd6 Bc8 36.Bc4 Bh3 37.Be3 Rd7
38.Rxd7 Bxd7 39.Bxa6 Bh3 40.Bd4 Rd8 41.c3 h5 42.a4 h4 43.Bf1 Bd7 44.b5 hxg3
45.fxg3 Be6 46.Kf2 Bb3 47.a5 Rd5 48.Ke3 Bc2 49.a6 Rf5 50.g4 Rf7 51.b6 Re7
52.a7+ Ka8 53.Ba6 Bd1 54.b7+ Rxb7 55.Bxb7+ Kxb7 56.g5 Bc2 57.h4  1-0

[Event "TCh-FIN 2010-11"]
[Site "Porvoo FIN"]
[Date "2010.11.20"]
[Round "4.8"]
[White "Franssila,T"]
[Black "Alho,S"]
[Result "0-1"]
[WhiteElo "2243"]
[BlackElo "2152"]

1.e4 d5 2.exd5 Qxd5 3.Nc3 Qd6 4.d4 Nf6 5.Nf3 a6 6.g3 Bg4 7.Bg2 e6 8.O-O Nc6
9.Bf4 Qd7 10.h3 Bxf3 11.Qxf3 Qxd4 12.Bxc7 Be7 13.Rfd1 Qa7 14.Na4 Rc8 15.Bb6 Qb8
16.Qe2 O-O 17.c4 Rfe8 18.g4 h6 19.b3 Ne5 20.Bd4 Ng6 21.Qe3 b5 22.Nb6 Rcd8
23.cxb5 axb5 24.Bc6 Rf8 25.Bxb5 Qb7 26.Rdc1 Nd5 27.Qe4 Ngf4 28.Nxd5 Nxh3+
29.Kh2 exd5 30.Qd3 Nf4 31.Qf1 Bd6 32.Kg1 Qe7 33.Be3 Qh4 34.Bxf4 Bxf4 35.Qg2 Bxc1
36.Rxc1 f5 37.Rc5 fxg4 38.Rxd5 Rxd5 39.Qxd5+ Kh8 40.Qd4 Qg5 41.Bd3 g3 42.fxg3 Qxg3+
43.Kh1 Re8 44.Qc4 Re1+ 45.Bf1 Qf2  0-1

[Event "TCh-FIN 2010-11"]
[Site "Tampere FIN"]
[Date "2010.11.20"]
[Round "4.3"]
[White "Nieminen,K"]
[Black "Karttunen,M"]
[Result "0-1"]
[WhiteElo "2180"]
[BlackElo "2440"]

1.e4 d5 2.exd5 Qxd5 3.Nc3 Qd6 4.d4 Nf6 5.Nf3 Bg4 6.h3 Bxf3 7.Qxf3 c6 8.Be3 Nbd7
9.Bc4 e6 10.O-O Qb4 11.Bb3 Bd6 12.Rfe1 O-O 13.Rad1 Rfe8 14.Ne4 Nxe4 15.Qxe4 Bc7
16.c3 Qd6 17.g3 Nf6 18.Qf3 Nd5 19.Bc1 b5 20.Re2 Red8 21.Bc2 Rd7 22.Rde1 Rb8
23.a3 Qf8 24.Qe4 g6 25.h4 Qg7 26.Bg5 Bd6 27.Qf3 h6 28.Bc1 Rc7 29.Kg2 a5 30.Qd3 Bf8
31.Rh1 Be7 32.h5 g5 33.Rhe1 Rd8 34.Bb1 b4 35.axb4 axb4 36.Bd2 c5 37.Re4 Nf6
38.Re5 bxc3 39.bxc3 Rcd7 40.Qa6 Rd6 41.Qa5 Nd7 42.R5e4 cxd4 43.Rxd4 Rxd4
44.cxd4 Qxd4 45.Bc3 Qc5 46.Rd1 Qc6+ 47.Kg1 Ra8 48.Qxa8+ Qxa8 49.Rxd7 Qa3
50.Bd2 Qa4 51.Rxe7 Qd1+ 52.Kg2 Qxd2  0-1

[Event "16th Asian Games Team Women"]
[Site "Guangzhou CHN"]
[Date "2010.11.21"]
[Round "4"]
[White "Muminova,N"]
[Black "Al Khelaifi,S"]
[Result "1-0"]
[WhiteElo "2360"]
[BlackElo "1761"]

1.e4 d5 2.exd5 Qxd5 3.Nc3 Qd6 4.d4 Nf6 5.Bd3 a6 6.Nge2 Bg4 7.f3 Bh5 8.Bf4 Qd7
9.Qd2 Nc6 10.O-O-O O-O-O 11.g4 Bg6 12.Bxg6 hxg6 13.d5 Nb4 14.Qd4 Nbxd5 15.Qa7 Qc6
16.g5 e6 17.Be3 Nh5 18.Nxd5 exd5 19.Nc3 Bd6 20.Nxd5 Rhe8 21.Rd3 b5 22.Rhd1 Qb7
23.Qd4 Kb8 24.Qc3 Bxh2 25.Kb1 Be5 26.Qa5 Bd6 27.Nb4 Kc8 28.Nxa6 Qxf3 29.Qxb5 Rxe3
30.Qb8+ Kd7 31.Rxd6+ cxd6 32.Qxd6+  1-0

[Event "British Rapidplay"]
[Site "Halifax ENG"]
[Date "2010.11.21"]
[Round "11"]
[White "Woolley,J"]
[Black "Jones,G"]
[Result "1-0"]
[WhiteElo "2099"]
[BlackElo "2575"]

1.e4 d5 2.exd5 Qxd5 3.Nc3 Qd6 4.d4 Nf6 5.Nf3 g6 6.Ne5 Nc6 7.Bf4 Nh5 8.Nb5 Qf6
9.Bg5 Qxg5 10.Nxc7+ Kd8 11.Nxf7+ Kxc7 12.Nxg5 Bg7 13.c3 h6 14.Ne4 Be6 15.g3 Rad8
16.Bg2 Bc4 17.b3 Bd5 18.O-O b6 19.Qg4 Bf7 20.Qe2 Bd5 21.Rfd1 e5 22.c4 Bxe4
23.Qxe4 Nxd4 24.Rxd4 Rxd4 25.Qc6+ Kd8 26.Qxg6 Rf8 27.Qxh5 Rd2 28.Rd1 Rxf2
29.Rxd2+ Rxd2 30.Qf7 Rd1+ 31.Kf2 Rd7 32.Qg8+ Kc7 33.Bd5 e4 34.Ke2 Bd4 35.Qe6 Bc5
36.Qc6+ Kd8 37.Qxh6 e3 38.g4 a5 39.g5 a4 40.bxa4 Ra7 41.Qh8+ Kc7 42.Qh7+ Kb8
43.Qg8+ Kc7 44.Qf7+ Kb8 45.Qe8+ Kc7 46.g6 Kd6 47.Qe6+ Kc7 48.g7 Rxa4 49.Qc6+  1-0

[Event "ch-UKR w"]
[Site "Poltava UKR"]
[Date "2010.11.21"]
[Round "9"]
[White "Vasina,O"]
[Black "Rakhmangulova,A"]
[Result "0-1"]
[WhiteElo "2011"]
[BlackElo "2148"]

1.e4 d5 2.exd5 Qxd5 3.Nc3 Qd6 4.d4 Nf6 5.Nf3 Bg4 6.g3 Nc6 7.Bg2 O-O-O 8.Be3 Qb4
9.O-O e5 10.a3 Qe7 11.Ne2 e4 12.Nh4 g5 13.Bxg5 Nxd4 14.Qxd4 Rxd4 15.Nxd4 Qe5
16.Be3 Nd5 17.c4 Nxe3 18.fxe3 Bh6 19.Ndf5 Bg5 20.b4 Rd8 21.Ra2 Rd3 22.Raf2 Rxe3
23.Nxe3 Bxe3 24.h3 Qxg3  0-1

[Event "16th Asian Games Team Women"]
[Site "Guangzhou CHN"]
[Date "2010.11.24"]
[Round "7.18"]
[White "Hallaeva,B"]
[Black "Al Khelaifi,S"]
[Result "1-0"]
[WhiteElo "2184"]
[BlackElo "1761"]

1.e4 d5 2.exd5 Qxd5 3.Nc3 Qd6 4.d4 Nf6 5.Bc4 a6 6.Nf3 b5 7.Bb3 Bb7 8.O-O e6
9.Re1 Be7 10.Bg5 O-O 11.Bxf6 Bxf6 12.Ne4 Qd8 13.c3 Be7 14.Qe2 Nd7 15.Rad1 Nf6
16.Nxf6+ Bxf6 17.Ne5 Bd5 18.Bc2 g6 19.a4 Rb8 20.axb5 axb5 21.b4 c6 22.Ra1 Qc7
23.Ra5 Rb7 24.Ng4 Bg7 25.Rea1 Rfb8 26.Qe1 Qf4 27.f3 h5 28.Nf2 Bh6 29.Nd3 Qd2
30.Qxd2 Bxd2 31.R5a3 Kg7 32.Kf2 Re7 33.f4 Be4 34.g3 Bxd3 35.Bxd3 e5 36.fxe5 f6
37.exf6+ Kxf6 38.Rd1 Be3+ 39.Kg2 Rbb7 40.Ra6 Rbc7 41.Bxb5 Kg7 42.Rxc6 Ra7
43.Ra6 Rac7 44.Bc6 Re6 45.d5 Rf6 46.Rf1 Rcf7 47.Rxf6 Rxf6 48.Ra2 g5 49.Re2 Bb6
50.c4 g4 51.c5 Bd8 52.Re8 Rf8 53.Rxf8 Kxf8 54.b5 Ke7 55.b6  1-0

[Event "XXIII Belgrade Trophy"]
[Site "Obrenovac SRB"]
[Date "2010.11.24"]
[Round "1.11"]
[White "Askovic,J"]
[Black "Milanovic,Da"]
[Result "0-1"]
[WhiteElo "2050"]
[BlackElo "2521"]

1.e4 d5 2.exd5 Qxd5 3.Nc3 Qd6 4.Bc4 Nf6 5.Nge2 a6 6.d4 b5 7.Bb3 Bb7 8.Bf4 Qd8
9.O-O Nbd7 10.Re1 c5 11.dxc5 Nxc5 12.Nd4 Qd7 13.Ndxb5 axb5 14.Qxd7+ Nfxd7
15.Nxb5 e6 16.Nc7+ Kd8 17.Nxa8 Bxa8 18.Bc4 Nb6 19.Bb5 Nd5 20.Rad1 Kc8 21.Bg3 h5
22.h3 h4 23.Bh2 Rh6 24.Rd4 Bb7 25.Bf1 Be7 26.b4 Na4 27.a3 Bf6 28.Be5 Bxe5
29.Rxe5 Nac3 30.b5 Kc7 31.a4 Kb6 32.Bc4 Kc5 33.Rg4 g6 34.Bxd5 Bxd5 35.Re3 Nd1
36.Ra3 f5 37.Rg5 Nb2 38.g3 Nc4 39.Ra1 Nd2 40.gxh4 Nf3+ 41.Kf1 Nxg5 42.hxg5 Rxh3
43.Ke2 e5 44.Rb1 Rh4 45.b6 Rb4 46.Ra1 Rxb6 47.c3 Rb2+ 48.Kf1 Ra2 49.Re1 e4
50.Re3 Ra1+ 51.Ke2 f4 52.Rh3 Ra2+ 53.Ke1 e3 54.c4 exf2+  0-1

[Event "XXIII Belgrade Trophy"]
[Site "Obrenovac SRB"]
[Date "2010.11.24"]
[Round "1.72"]
[White "Brujic,B"]
[Black "Kovacevic,Marko D"]
[Result "1-0"]
[WhiteElo "2188"]
[BlackElo "1779"]

1.e4 d5 2.exd5 Qxd5 3.Nc3 Qd6 4.d4 Nf6 5.Be2 a6 6.Nf3 Bf5 7.Ne5 e6 8.O-O Nc6
9.Nxc6 Qxc6 10.Bf3 Qb6 11.Na4 Qb5 12.c4 Qb4 13.Bd2 Qxc4 14.Bxb7 Rd8 15.Rc1 Qxd4
16.Bc6+ Nd7 17.Ba5 Qxd1 18.Rfxd1 Bd6 19.Nc5 Ke7 20.Nxd7 e5 21.Rxd6 Kxd6 22.Bb4+ Ke6
23.Nc5+ Kf6 24.Nxa6 Rd4 25.Bc3 Rd6 26.f4  1-0

[Event "XXIII Belgrade Trophy"]
[Site "Obrenovac SRB"]
[Date "2010.11.25"]
[Round "2.54"]
[White "Vucinic,G"]
[Black "Medancic,R"]
[Result "0-1"]
[WhiteElo "2034"]
[BlackElo "2284"]

1.e4 d5 2.exd5 Qxd5 3.Nc3 Qd6 4.d4 Nf6 5.Nf3 a6 6.Bc4 b5 7.Bb3 e6 8.Ne5 Bb7
9.Bf4 Qb6 10.d5 c5 11.dxc6 Bxc6  0-1

[Event "11th Puhajarve Rapid"]
[Site "Harjumaa EST"]
[Date "2010.11.26"]
[Round "1"]
[White "Ehlvest,J"]
[Black "Liiva,R"]
[Result "0-1"]
[WhiteElo "2586"]
[BlackElo "2451"]

1.e4 d5 2.exd5 Qxd5 3.Nc3 Qd6 4.d4 Nf6 5.Nf3 a6 6.Ne5 Nc6 7.Nxc6 Qxc6 8.d5 Qd6
9.Qf3 Bg4 10.Qg3 Qxg3 11.hxg3 O-O-O 12.Bc4 b5 13.Bb3 b4 14.Na4  0-1

[Event "XXIII Belgrade Trophy"]
[Site "Obrenovac SRB"]
[Date "2010.11.26"]
[Round "3.9"]
[White "Kadric,D"]
[Black "Milanovic,Da"]
[Result "1-0"]
[WhiteElo "2331"]
[BlackElo "2521"]

1.e4 d5 2.exd5 Qxd5 3.Nc3 Qd6 4.d4 Nf6 5.Nf3 a6 6.g3 Bg4 7.Bg2 Nc6 8.O-O O-O-O
9.d5 Nb4 10.h3 Bh5 11.Bf4 Qc5 12.Be3 Qd6 13.Bf4 Qc5 14.Be3 Qd6 15.Qe2 e5
16.dxe6 Qxe6 17.g4 Bg6 18.Nd4 Qe8 19.g5 Nfd5 20.a3 Nxe3 21.fxe3 Rxd4 22.axb4 Rd6
23.b5 Qe6 24.Qf3 Rb6 25.bxa6 bxa6 26.Qa8+ Kd7 27.Rad1+ Bd6 28.Qxh8 Qxe3+
29.Kh1 Rxb2 30.Rfe1  1-0

[Event "National Chess Congress"]
[Site "Philadelphia USA"]
[Date "2010.11.26"]
[Round "2"]
[White "Finney,S"]
[Black "Ravichandran,Siddharth"]
[Result "0-1"]
[WhiteElo "2076"]
[BlackElo "2463"]

1.e4 d5 2.exd5 Qxd5 3.Nc3 Qd6 4.d4 Nf6 5.Nf3 a6 6.Ne5 Nc6 7.Nxc6 Qxc6 8.Bf4 Bg4
9.f3 Bf5 10.Bd3 Bg6 11.Qe2 O-O-O 12.O-O-O e6 13.Bxg6 hxg6 14.Bg5 Rd7 15.Kb1 Be7
16.h4 Rhd8 17.Qf2 Qc4 18.Ne2 e5 19.c3 exd4 20.Rxd4 Bc5 21.Rxc4 Bxf2 22.Rf1 Bb6
23.Ng3 Rd1+ 24.Kc2 Rxf1 25.Nxf1 Re8 26.Kd2 Nd7 27.Bf4 f5 28.g4 Ne5 29.Bxe5 Rxe5
30.h5 gxh5 31.gxh5 Bf2 32.Kd3 Kd7 33.Rf4 Ke6 34.a4 b5 35.axb5 axb5 36.Rb4 c6
37.Rb3 Re1 38.Nd2 Re3+ 39.Kc2 Be1 40.Ra3 Re2 41.Kd1 Rxd2+ 42.Kxe1 Rxb2 43.Ra7 Rg2
44.Rc7 Kd5 45.Rf7 Rg5 46.Ke2 Kc4 47.Ke3 c5  0-1

[Event "XXIII Belgrade Trophy"]
[Site "Obrenovac SRB"]
[Date "2010.11.29"]
[Round "6.71"]
[White "Zivkovic,Drago"]
[Black "Djordjevic,Vu"]
[Result "1-0"]
[WhiteElo "2024"]
[BlackElo "1826"]

1.e4 d5 2.exd5 Qxd5 3.Nc3 Qd6 4.d4 Nf6 5.Nf3 a6 6.Be2 Bg4 7.O-O Nc6 8.Be3 O-O-O
9.Ng5 Be6 10.Nf3 Kb8 11.h3 Nd5 12.Qd2 g6 13.Ne4 Nxe3 14.fxe3 Qd7 15.Nc5 Qc8
16.Ng5 Bh6 17.Ngxe6 fxe6 18.Qc3 Bg7 19.Rad1 a5 20.Bc4 Rd6 21.Kh1 Rf8 22.Rxf8 Qxf8
23.Nxe6 Qh8 24.Qb3 Nd8 25.Nc5 Rb6 26.Nd7+ Ka7 27.Nxb6 cxb6 28.Rf1 h5 29.Qd3 Qh6
30.Qe4 Nc6 31.c3 Bf6  1-0

[Event "XXIII Belgrade Trophy"]
[Site "Obrenovac SRB"]
[Date "2010.11.30"]
[Round "7.73"]
[White "Dimic,P"]
[Black "Kovacevic,Boz"]
[Result "1/2-1/2"]
[WhiteElo "1996"]
[BlackElo "1824"]

1.e4 d5 2.exd5 Qxd5 3.Nc3 Qd8 4.d4 Nf6 5.Bc4 c6 6.Nf3 Bg4 7.Be3 Nbd7 8.h3 Bxf3
9.Qxf3 e6 10.O-O Be7 11.Rfe1 O-O 12.Rad1 Nb6 13.Bb3 Nbd5 14.Bc1 Rc8 15.a3 Nxc3
16.Qxc3 Nd5 17.Qf3 Bg5 18.c4 Nc7 19.Bxg5 Qxg5 20.Re5 Qd8 21.Qg4 Qf6 22.Bc2 Rcd8
23.Rd3 g6 24.Rf3 Qg7 25.Qf4  1/2-1/2

[Event "XXIII Belgrade Trophy"]
[Site "Obrenovac SRB"]
[Date "2010.11.30"]
[Round "7.74"]
[White "Pihajlic,A"]
[Black "Kovacevic,Marko D"]
[Result "1/2-1/2"]
[WhiteElo "1988"]
[BlackElo "1779"]

1.e4 d5 2.exd5 Qxd5 3.Nc3 Qd6 4.d4 Nf6 5.Be2 Nc6 6.Nb5 Qd8 7.Bf4 Nd5 8.Bg3 a6
9.Nc3 Nf6 10.Nf3 Bf5 11.a3 e6 12.O-O Be7 13.Qd2 O-O 14.Rad1 Nh5 15.Ne1 Nxg3
16.hxg3 Bf6 17.g4 Bg6 18.Nf3 h6 19.Bd3 Bxd3 20.Qxd3 Qd7 21.Ne4 Qe7 22.Qe3 Rad8
23.Rd3 Na5 24.b3 b6 25.Rfd1 Nb7 26.c4 Nd6 27.Nxf6+  1/2-1/2

[Event "XXIII Belgrade Trophy"]
[Site "Obrenovac SRB"]
[Date "2010.12.02"]
[Round "9.65"]
[White "Vucinic,G"]
[Black "Kovacevic,Marko D"]
[Result "1-0"]
[WhiteElo "2034"]
[BlackElo "1779"]

1.e4 d5 2.exd5 Qxd5 3.Nc3 Qd6 4.d4 Nf6 5.Bc4 a6 6.Nge2 b5 7.Bb3 e6 8.Bf4 Qb6
9.Qd3 Bb7 10.O-O Be7 11.Ng3 O-O 12.a4 b4 13.Nce4 Nbd7 14.a5 Qa7 15.Ng5 c5
16.Rfe1 h6 17.Nxe6 fxe6 18.Bxe6+ Rf7 19.Qb3 Rf8 20.Bxf7+ Rxf7 21.Rxe7 Bd5
22.Qe3 Ng4 23.Re8+ Nf8 24.Qd2  1-0

[Event "XXIII Belgrade Trophy"]
[Site "Obrenovac SRB"]
[Date "2010.12.02"]
[Round "9.84"]
[White "Markovic,Ta"]
[Black "Filipovic,T1"]
[Result "0-1"]
[WhiteElo "1836"]
[BlackElo "1905"]

1.e4 d5 2.exd5 Qxd5 3.Nc3 Qd8 4.d4 e6 5.Nf3 Be7 6.Bc4 c6 7.O-O Nf6 8.h3 O-O
9.Be3 Nbd7 10.Qd3 Nb6 11.Bb3 Nbd5 12.Bxd5 exd5 13.Rfe1 Bb4 14.a3 Ba5 15.b4 Bc7
16.Bg5  0-1

[Event "Open ch-Skopje"]
[Site "Skopje MKD"]
[Date "2010.12.06"]
[Round "3"]
[White "Vukelic,Z"]
[Black "Mitkovski,K"]
[Result "1/2-1/2"]
[WhiteElo "1964"]
[BlackElo "2191"]

1.e4 d5 2.exd5 Qxd5 3.Nc3 Qd6 4.g3 c5 5.Bg2 Nf6 6.h3 a6 7.d3 Nc6 8.Nge2 b5
9.Be3 Bb7 10.Nf4 Rd8 11.Ne4 Nxe4 12.Bxe4 Na5 13.Bxb7 Nxb7 14.Qf3 Qd7 15.O-O Rc8
16.Kg2 Qc6  1/2-1/2